00333nam a22001097a 4500082002100000100002100021245010200042260003300144300002200177563000800199650001600207 a344.0095491bSAN aSanga, Anwar Ali aManual of Labour Laws in Pakistan:bwith all amendments & cases law up to date /cAnwar Ali Sanga bKazim Law Book House,c2025. a1584 p. ;c24 cm. aHB. aLabour Laws